000 00854nam a2200289 a 4500
001 vtls000410708
003 NLI
005 20210603110758.0
008 110218s1970 miu m 000 0 eng
020 _cUSD 37.40
039 9 _y201102182134
_zEntertech_02
040 0 _aNLI
_beng
_cEntertech-2011
_eAACR2
041 0 _aeng
044 _amiu
082 0 4 _a974.5
100 1 _aJohn, Bean Lowell
_9594885
245 1 0 _aCahuilla Indian culture ecology /
_cBean Lowell John
260 _aMichigan :
_bUniversity Microfilms International,
_c1970
300 _axv, 295 p. ;
_c21 cm.
500 _aThesis (Ph.D.) - University of California
650 0 _aHuman ecology
_zIndia
_91617
887 _a
901 _a491374
_b01.10.1986
902 _aE 974.5 B 375
942 _2ddc
_cBKS
949 _AVIRTUAITEM
_D10000
_X100
_6PUR000491374ENG
999 _aVIRTUA40
_c367657
_d367657